[Event "IECG CP.2007.P.00076 email"]
[Site "IECG email"]
[Date "2007.10.01"]
[Round "?"]
[White "Courville, Juan"]
[Black "Shutov, Andry"]
[Result "0-1"]
[WhiteElo "1200"]
[BlackElo "1892"]
[PlyCount "60"]
[EventDate "2007.10.01"]
[EventType "tourn (corr)"]
[EventRounds "6"]
[SourceTitle "Corr 2011"]
[Source "ChessBase"]
[SourceDate "2010.08.31"]
[SourceVersion "1"]
[SourceVersionDate "2010.08.31"]
[SourceQuality "1"]

1. e4 Nf6 2. d3 e5 3. Be2 Nc6 4. Nc3 Bb4 5. Bd2 0-0 6. Nf3 d5 7. 0-0 d4 8. Nd5 Nxd5 9. exd5 Qxd5 10. Bxb4 Nxb4 11. a3 Nc6 12. Ng5 Qb5 13. Bf3 h6 14. Re1 hxg5 15. Be4 g4 16. h3 gxh3 17. Qh5 f5 18. Bf3 hxg2 19. Kxg2 Be6 20. Rh1 Rad8 21. Qh7+ Kf7 22. Bh5+ Ke7 23. Qxg7+ Kd6 24. Kf1 Qxb2 25. Re1 Qxc2 26. Be2 Rg8 27. Qf6 Rdf8 28. Qh6 f4 29. Rh5 f3 30. Bd1 Qxd3+ 0-1

[Event "IECG CP.2007.P.00076 email"]
[Site "IECG email"]
[Date "2007.10.01"]
[Round "?"]
[White "Courville, Juan"]
[Black "Stoelzel, Werner"]
[Result "0-1"]
[WhiteElo "1200"]
[BlackElo "1460"]
[PlyCount "60"]
[EventDate "2007.10.01"]
[EventType "tourn (corr)"]
[EventRounds "6"]
[SourceTitle "Corr 2011"]
[Source "ChessBase"]
[SourceDate "2010.08.31"]
[SourceVersion "1"]
[SourceVersionDate "2010.08.31"]
[SourceQuality "1"]

1. e4 e6 2. d4 d5 3. e5 c5 4. c3 Nc6 5. Bb5 cxd4 6. Nf3 dxc3 7. Nxc3 Nge7 8. 0-0 a6 9. Bxc6+ Nxc6 10. Bg5 Be7 11. h4 Bxg5 12. hxg5 Bd7 13. Qd2 Qa5 14. a3 0-0 15. Rfe1 b5 16. b4 Qb6 17. Ne2 Rfc8 18. Nf4 a5 19. g6 hxg6 20. Qd3 axb4 21. Ng5 Rxa3 22. Rxa3 bxa3 23. Qxa3 Qd4 24. Qd6 Qa7 25. Rb1 Qc7 26. Rxb5 Nxe5 27. Qxc7 Rxc7 28. Rb6 Kf8 29. Ne2 Ke7 30. Nd4 Nd3 0-1

[Event "IECG CP.2007.P.00076 email"]
[Site "IECG email"]
[Date "2007.10.01"]
[Round "?"]
[White "Znak, Nicholas"]
[Black "Courville, Juan"]
[Result "1-0"]
[WhiteElo "840"]
[BlackElo "1200"]
[PlyCount "41"]
[EventDate "2007.10.01"]
[EventType "tourn (corr)"]
[EventRounds "6"]
[SourceTitle "Corr 2011"]
[Source "ChessBase"]
[SourceDate "2010.08.31"]
[SourceVersion "1"]
[SourceVersionDate "2010.08.31"]
[SourceQuality "1"]

1. e4 e6 2. Nf3 d5 3. Nc3 a6 4. exd5 Nf6 5. dxe6 Bxe6 6. d4 Bb4 7. Bd3 Nc6 8. Be3 Qd6 9. a3 Bxc3+ 10. bxc3 Ng4 11. Qd2 0-0-0 12. Bf4 Qd5 13. 0-0 h5 14. c4 Qa5 15. d5 Bxd5 16. Qxa5 Nxa5 17. cxd5 Rxd5 18. h3 Nf6 19. Ne5 c5 20. Bf5+ Kd8 21. Nxf7+ 1-0

[Event "IECC O email"]
[Site "IECC email"]
[Date "2002.03.22"]
[Round "?"]
[White "Courville, Juan"]
[Black "Bartlett, Rod"]
[Result "0-1"]
[WhiteElo "1084"]
[BlackElo "1118"]
[PlyCount "59"]
[EventDate "2002.??.??"]
[EventType "tourn (corr)"]
[EventRounds "6"]
[SourceTitle "Corr 2008"]
[Source "ChessBase"]
[SourceDate "2008.06.24"]
[SourceVersion "1"]
[SourceVersionDate "2008.06.24"]
[SourceQuality "1"]

1. c4 c5 2. Nc3 Nf6 3. d3 e6 4. e4 Nc6 5. Nf3 d6 6. Be2 g6 7. Be3 b6 8. d4 cxd4 9. Bxd4 Nxd4 10. Nxd4 e5 11. Ndb5 a6 12. Nxd6+ Qxd6 13. 0-0 Qxd1 14. Raxd1 Be7 15. a3 0-0 16. Nd5 Nxd5 17. exd5 Rd8 18. a4 a5 19. Rd3 Bf5 20. Re3 f6 21. g4 Bc2 22. b3 g5 23. f3 Bc5 24. Kf2 Bxb3 25. Ra1 Rac8 26. h3 Bxe3+ 27. Kxe3 Bxc4 28. Rb1 Bxe2 29. Kxe2 Rd6 30. Rb5 0-1